Wszystkie gole reprezentacji Polski - eliminacje mundialu 2022 - Statystyki

Ogólne statystyki
  • Ten quiz został rozwiązany 51 razy
  • Średni wynik to 24 z 29
Statystyki odpowiedzi
Odpowiedź % Poprawnych
Robert Lewandowski
98%
Robert Lewandowski
98%
Robert Lewandowski
98%
Robert Lewandowski
98%
Robert Lewandowski
98%
Robert Lewandowski
98%
Robert Lewandowski
98%
Robert Lewandowski
98%
Karol Świderski
89%
Karol Świderski
89%
Karol Świderski
89%
Karol Świderski
89%
Karol Świderski
89%
Arkadiusz Milik
87%
Damian Szymański
84%
Krzysztof Piątek
84%
Krzysztof Piątek
84%
Adam Buksa
82%
Adam Buksa
82%
Adam Buksa
82%
Adam Buksa
82%
Adam Buksa
82%
Grzegorz Krychowiak
80%
Jakub Moder
67%
Kamil Jóźwiak
60%
Kamil Jóźwiak
60%
Karol Linetty
42%
Karol Linetty
42%
Tomasz Kędziora
31%
Nie znaleziono quizów pasujących do podanych kryteriów
Rozkład punktacji
Procent ludzi z każdym wynikiem
Percentyl według liczby udzielonych odpowiedzi
Twoja historia wyników
Nie rozwiązałeś tego quizu